| 000 | 01220 a2200217 4500 | ||
|---|---|---|---|
| 003 | Nust | ||
| 005 | 20241115174956.0 | ||
| 010 | _a 84003460 | ||
| 020 | _a0835915980 : | ||
| 040 | _cNust | ||
| 082 | 0 | 0 | _a621.382,ROD |
| 100 | 1 |
_aRoddy, Dennis _9102828 |
|
| 245 | 1 | 0 |
_aElectronic communications / _cDennis Roddy, John Coolen. |
| 250 | _a4th ed. | ||
| 260 |
_aReston, Va. : _bReston Pub. Co., _cc1995. |
||
| 300 |
_axii, 788 p. : _bill. ; _c24 cm. |
||
| 505 | _aPassive Circuits (Page-1), Waveform Spectra (Page-57), Digital Line Waveforms (Page-91), Noise (Page-118), Tuned Small Signal Amplifiers, Mixers and Active Filters (Page-153), Oscillators (Page-195), Receivers (Page-224), Amplitude Modulation (Page-252), Single Sideband Modulation (Page-297), Angle Modulation (Page-321), Pulse Modulation (Page-383), Digital Communications (Page-413), Transmission Lines and Cables (Page-467), Waveguides (Page-519), Radio Wave Propagation (Page-536), Antennas (Page-579), Telephone Systems (Page-628), Facsimile and Television (Page-660), Satellite Communications (Page-711), Fiber Optic Communications (Page-748). | ||
| 650 | 0 | _aTelecommunication Engineering | |
| 700 | 1 |
_aCoolen, John. _9102829 |
|
| 942 |
_2ddc _cBK |
||
| 999 |
_c182549 _d182549 |
||